000 00520cam a22002054a 4500
005 20250605164319.0
008 250528s ||||||||||||||||||||||||d
035 _a22804
020 _a9780070124912
040 _aGR-AtMCL
_bgre
_dGR-AtMCL
_eAACR2
245 1 _aINTRODUCTION TO CLINICAL PSYCHOLOGY / SCIENCE AND PRACTICE
250 _a1
260 _bMcgraw Hill,
_c2002
300 _a544
700 1 _aCompas Bruce E
_98479
700 1 _aGotlib Ian H
_98480
942 _cBK
999 _c7849
_d7849